opからアニメタイトルを当てる2 - Statistics

General Stats
  • This quiz has been taken 297 times
  • The average score is 9 of 16
Answer Stats
Song title Answer % Correct
サザエさんサザエさん一家 あかるいサザエさん サザエさん
100%
ゆめいっぱいうれしい予感 おどるポンポコリン ちびまる子ちゃん
98%
めざせポケモンマスターライバル! OK! ポケットモンスター
95%
ドラえもんのうた ぼくドラえもん 夢をかなえてドラえもん ドラえもん
95%
残酷な天使のテーゼ魂のルフラン Beautiful World 新世紀エヴァンゲリオン
90%
アイドルファタール 推しの子
81%
ムーンライト伝説 美少女戦士セーラームーン
76%
勇者晴る 葬送のフリーレン
74%
花になってアンビバレント 百花繚乱 薬屋のひとりごと
70%
メリッサREADY STEADY GO
again
鋼の錬金術師
39%
謎Secret of my heart 運命のルーレット廻して 名探偵コナン
39%
Pray遠い匂い 銀色の空 銀魂
20%
COLORS解読不能 瞳ノ翼 コードギアス 反逆のルルーシュ
16%
一斉の声あの日タイムマシン 僕にできること 夏目友人帳
8%
Deal with the devilコノユビトマレ 賭ケグルイ
7%
the WORLDWhat’s up,people? デスノート
7%
No matching quizzes found
Score Distribution
Percent of People with Each Score
Percentile by Number Answered
Your Score History
You have not taken this quiz